000 00957nam a2200265 i 4500
001 104571
003 ES-MaACL
007 t|
008 051201s1984 sp ||||1| spa d
020 _a84-255-0432-5
100 1 _aMillman, Jacob.
_981263
245 1 0 _aElectrónica integrada
_b: circuitos y sistemas analógicas y digitales /
_cJacob Millman y Christos C. Halkias; prólogo por Juan Peracaula; [traducida por Francesc Adan i González; revisión de Enrique Belza Valls].
250 _a4ª ed.
260 _aBarcelona :
_bHispano Europea,
_c1984.
300 _aXXI, 917 p. ;
_c24 cm.
490 1 _aBiblioteca técnica
500 _aEn la cub. 6ª ed.
700 1 _aHalkias, Christos C.
_961551
700 1 _aPeracaula, Juan.
_990341
700 1 _aAdan y González, Francesc.
_918411
700 1 _aBelza Valls, Enrique.
_927393
830 0 _aBiblioteca técnica
_9181365
852 _aES-MaACL
_jL-8314
_bR.108597
999 _c104571
_d104571